000 nam a22 7a 4500
999 _c9574
_d9574
008 180205b ||||| |||| 00| 0 eng d
100 _aPrakash, S
_93314
245 _aSecondary socila science for us -X
260 _aNew Delhi
_bArya Publication
_c2008